| 000 | 00642nam a2200217 a 4500 | ||
|---|---|---|---|
| 999 |
_c3113 _d3113 |
||
| 001 | 12390 | ||
| 003 | BD-DhAAL | ||
| 005 | 20200302110420.0 | ||
| 008 | 140710s2006it nyua b 000 0 eng | ||
| 020 | _a9788876242762 | ||
| 020 | _a8876242767 | ||
| 040 |
_aBD-DhAAL _cBD-DhAAL _dBD-DhAAL _bEng |
||
| 082 | 0 | 0 |
_223 _a720.92 GIA |
| 100 | _aGiaconia, Paola. | ||
| 245 | 1 | 0 |
_aEric Owen Moss : _bthe uncertainty of doing / _cPaola Giaconia. |
| 260 |
_aItaly : _bSkira editore, _c2006. |
||
| 300 |
_a225 pages : _billustrations ; _c21 cm. |
||
| 500 | _aVol. 2 compiled by Brad Collins. | ||
| 650 |
_aArchitecture. _zUnited States. |
||
| 942 |
_2ddc _cBK |
||